| 000 -LEADER |
| fixed length control field |
00884nam a22002177a 4500 |
| 001 - CONTROL NUMBER |
| control field |
21439 |
| 003 - CONTROL NUMBER IDENTIFIER |
| control field |
BD-DhUAP |
| 005 - DATE AND TIME OF LATEST TRANSACTION |
| control field |
20220109170107.0 |
| 008 - FIXED-LENGTH DATA ELEMENTS--GENERAL INFORMATION |
| fixed length control field |
220109b2020 bg o|||| |||| 001 0 ben d |
| 020 ## - INTERNATIONAL STANDARD BOOK NUMBER |
| International Standard Book Number |
978984944733 |
| 040 ## - CATALOGING SOURCE |
| Original cataloging agency |
BD-DhUAP |
| Language of cataloging |
ben |
| Transcribing agency |
BD-DhUAP |
| Modifying agency |
BD-DhUAP |
| Description conventions |
BD-DhUAP |
| 082 ## - DEWEY DECIMAL CLASSIFICATION NUMBER |
| Edition number |
23 |
| Classification number |
954.92 HOS |
| 100 ## - MAIN ENTRY--PERSONAL NAME |
| Personal name |
হোসেন,মোশারফ । |
| 245 ## - TITLE STATEMENT |
| Title |
সাংবাদিকদের মুখোমুখি বঙ্গবন্ধু শেখ মুজিবুর রহমান / |
| Remainder of title |
মোশারফ হোসেন |
| 260 ## - PUBLICATION, DISTRIBUTION, ETC. |
| Place of publication, distribution, etc. |
ঢাকা : |
| Name of publisher, distributor, etc. |
সুবর্ণ, |
| Date of publication, distribution, etc. |
২০২০। |
| 300 ## - PHYSICAL DESCRIPTION |
| Extent |
৪০০ পৃ. : |
| Other physical details |
চিত্র ; |
| Dimensions |
২৪ সেমি |
| 651 ## - SUBJECT ADDED ENTRY--GEOGRAPHIC NAME |
| Geographic name |
বাংলাদেশ |
| General subdivision |
ইতিহাস। |
| 651 ## - SUBJECT ADDED ENTRY--GEOGRAPHIC NAME |
| Geographic name |
Bangladesh |
| General subdivision |
History. |
| 700 ## - ADDED ENTRY--PERSONAL NAME |
| Personal name |
হোসেন, মোশারফ |
| Relator term |
সম্পাদক |
| 942 ## - ADDED ENTRY ELEMENTS (KOHA) |
| Source of classification or shelving scheme |
|
| Koha item type |
Book |